| 000 | 00000nam 2200000za 4500 |
| 001 | 9.816615 |
| 003 | CaOODSP |
| 005 | 20221107142305 |
| 007 | cr ||||||||||| |
| 008 | 160502s1988 onc |o f|0| 0 eng d |
| 020 | |z0-660-54249-8 |
| 040 | |aCaOODSP|beng |
| 041 | |aeng|afre |
| 043 | |an-cn--- |
| 086 | 1 |aFs41-31/102-PDF |
| 100 | 1 |aMorrison, Carol M. |
| 245 | 10|aHistology of the Atlantic cod, Gadus morhua |h[electronic resource] : |ban atlas : part two. respiratory system and pseudobranch = Atlas d'histologie de la morue franche, Gadus Morhua : deuxième partie. appareil respiratoire et pseudobranchies / |c[by] Carol M. Morrison |
| 246 | 11|aAtlas d'histologie de la morue franche, Gadus Morhua : deuxième partie. appareil respiratoire et pseudobranchies |
| 260 | |aOttawa : |bDepartment of Fisheries and Oceans, |c1988. |
| 300 | |aiv, 91 p.|bphotos, figs. |
| 490 | 1 |aCanadian special publication of fisheries and aquatic sciences, |x0706-6481 ; |v102 |
| 500 | |aThe catalogue number (0-660-54249-8) and ISBN (Fs41-31/102) for the bilingual print edition have been copied in this electronic publication. |
| 504 | |aIncludes bibliographic references. |
| 546 | |aText in English and French. |
| 692 | 07|2gccst|aSalt water fish |
| 710 | 1 |aCanada. |bDepartment of Fisheries and Oceans. |
| 792 | |tHistology of the Atlantic cod, Gadus morhua |efre|w(CaOODSP)9.816616 |
| 830 | #0|aCanadian special publication of fisheries and aquatic sciences ;|v102|w(CaOODSP)9.816381 |
| 856 | 40|qPDF|s6.33 MB|uhttps://publications.gc.ca/collections/collection_2016/mpo-dfo/Fs41-31-102.pdf |